[Event "Barcelona Sant Marti op 10th"]
[Site "Barcelona"]
[Date "2023.03.02"]
[Round "8"]
[White "Limbachia, Dev"]
[Black "Febrero Perez, Lluis"]
[Result "1/2-1/2"]
[WhiteElo "1500"]
[BlackElo "1354"]
[PlyCount "61"]
[EventDate "2023.01.12"]
[EventType "swiss"]
[EventRounds "9"]
[EventCountry "ESP"]
[SourceTitle "CBM 213 Extra"]
[Source "ChessBase"]
[SourceDate "2023.05.31"]
[SourceVersion "1"]
[SourceVersionDate "2023.05.31"]
[SourceQuality "1"]

1. e4 e5 2. Nf3 Nc6 3. Nc3 Nf6 4. Bc4 Na5 5. Be2 d5 6. exd5 Nxd5 7. Nxd5 Qxd5 8. 0-0 Be7 9. b3 e4 10. Ne1 Bf6 11. Rb1 Bf5 12. d3 Rd8 13. c4 Qd7 14. f3 Bd4+ 15. Kh1 exf3 16. Nxf3 Bf6 17. Re1 0-0 18. Bg5 c5 19. Bxf6 gxf6 20. Rf1 Qc6 21. Nh4 Be4 22. Bf3 Bxf3 23. Nxf3 Qd7 24. Qd2 Nc6 25. Ne1 Qe6 26. Qc3 Ne5 27. Rd1 Rd4 28. Nf3 Rf4 29. Rde1 Qf5 30. Re3 Rd8 31. Rd1 1/2-1/2